000 00480nam a2200181Ia 4500
005 20250508150714.0
008 008 250505s9999 xx 000 0 eng d
037 _aTextual
040 _aFEDL
_beng
_cFEDL
041 _aeng
_2eng
084 _a184.1, FIE
_qFEDL
100 _aField G. C.
245 0 _aPhilosophy of Plato
260 _aLondon, UK
_bOxford University Press
_c1949
300 _a219p
942 _cTEXL
_h184.1, FIE
999 _c1325167
_d1325167